000 00569nam a2200205Ia 4500
005 20250508160829.0
008 008 250505s9999 xx 000 0 eng d
020 _a0-435-84900-X
037 _aTextual
040 _aFEDL
_beng
_cFEDL
041 _aeng
_2eng
084 _a330.7, WHI
_qFEDL
100 _aWhitehead David Ed.
245 0 _aCurriculum development in economics
260 _aLondon, UK
_bHeinemann Educational Book Ltd
_c1974
300 _aix,258p.
650 _aEconomics
942 _cTEXL
_h330.7, WHI
999 _c1366860
_d1366860